<?xml version="1.0" encoding="UTF-8"?>
<record
    xmlns:xsi="http://www.w3.org/2001/XMLSchema-instance"
    xsi:schemaLocation="http://www.loc.gov/MARC21/slim http://www.loc.gov/standards/marcxml/schema/MARC21slim.xsd"
    xmlns="http://www.loc.gov/MARC21/slim">

  <leader>00559nam a2200169Ia 4500</leader>
  <controlfield tag="008">230718s9999    xx            000 0 und d</controlfield>
  <datafield tag="020" ind1=" " ind2=" ">
    <subfield code="a">9781788472173</subfield>
  </datafield>
  <datafield tag="041" ind1=" " ind2=" ">
    <subfield code="a">eng</subfield>
  </datafield>
  <datafield tag="082" ind1=" " ind2=" ">
    <subfield code="a">006.3</subfield>
    <subfield code="b">DES</subfield>
  </datafield>
  <datafield tag="100" ind1=" " ind2=" ">
    <subfield code="a">Deshpande A.</subfield>
    <subfield code="9">107363</subfield>
  </datafield>
  <datafield tag="245" ind1=" " ind2=" ">
    <subfield code="a">Artificial Intelligence For Big Data</subfield>
    <subfield code="b">Complete Guide To Automating Big Data Solutions Using Artificial Intelleigence Techniques</subfield>
  </datafield>
  <datafield tag="260" ind1=" " ind2=" ">
    <subfield code="c">2018</subfield>
    <subfield code="b">Packt</subfield>
  </datafield>
  <datafield tag="300" ind1=" " ind2=" ">
    <subfield code="a">367</subfield>
  </datafield>
  <datafield tag="365" ind1=" " ind2=" ">
    <subfield code="c">Rs.</subfield>
    <subfield code="b">1099.00</subfield>
  </datafield>
  <datafield tag="700" ind1=" " ind2=" ">
    <subfield code="a">Deshpande A. &amp; Kumar M.</subfield>
    <subfield code="9">200950</subfield>
  </datafield>
  <datafield tag="906" ind1=" " ind2=" ">
    <subfield code="d">O:0601504-Aug-2018B:IN23918-Jul-2018</subfield>
    <subfield code="c">COMP</subfield>
    <subfield code="b">219.8</subfield>
  </datafield>
  <datafield tag="999" ind1=" " ind2=" ">
    <subfield code="c">348016</subfield>
    <subfield code="d">348016</subfield>
  </datafield>
  <datafield tag="952" ind1=" " ind2=" ">
    <subfield code="0">0</subfield>
    <subfield code="1">0</subfield>
    <subfield code="4">0</subfield>
    <subfield code="7">0</subfield>
    <subfield code="a">CCEP</subfield>
    <subfield code="b">CCEP</subfield>
    <subfield code="d">2018-08-04</subfield>
    <subfield code="e">Pradeep Book Distributors</subfield>
    <subfield code="f">COMP</subfield>
    <subfield code="g">879.20</subfield>
    <subfield code="i">IN239</subfield>
    <subfield code="l">0</subfield>
    <subfield code="o">006.3</subfield>
    <subfield code="p">CCEP-BK-59223</subfield>
    <subfield code="r">2023-07-18 00:00:00</subfield>
    <subfield code="t">219.8</subfield>
    <subfield code="v">1099.00</subfield>
    <subfield code="w">2018-07-18</subfield>
    <subfield code="y">BK</subfield>
    <subfield code="z">059223</subfield>
  </datafield>
</record>
